1170 1175 1202 1937 1896 1698 1765 1267 1296 1943 1743 1693 1132 1160 1855 1965 1021 1418 1418 1762 1988 1420 1309 1352 1469 1305 1846 1621 1776 1960 1226 1656 1064 1472 1429 1797 1693 1170 1905 1608 1817 1584 1912 1641 1987 1318 1525 1461 1048 1072 1167 1895 1086 1863 1587 1364 1384 1066 1153 1984 1308 1354 1275 1423 1749 1801 1365 1776 1761 1442 1108 1751 1755 1790 1525 1049 1075 1667 1218 1675 1586 1882 1171 1402 1295 1278 1651 1898 1848 1314 1461 1206 1766 1888 1965 1951 1037 1501 1490 BCNSPRNW ULIB Ver.6.0+V

เปลี่ยนเป็นภาษาไทย

Change to English
 แสดงรายละเอียดบรรณานุกรม
  กลับหน้าหลัก

Brief Record : Get Marc (ISO 2709) : E-mail record : QR code < ปิดหน้าต่าง
LEADER : 00000nam 2200000uu 4500
001    13399108204
003     ULIB
008    110221s2552||||th 000 0 tha d
020    9789748285221
060 04 WB115^bป445ค 2552
100 0  ปราณี ทู้ไพเราะ
245 10 คู่มือโรค =^bHandbook of diseases /^cปราณี ทู้ไพเราะ
246 31 Handbook of diseases
250    พิมพ์ครั้งที่ 1
260    กรุงเทพฯ :^bNP Press,^c2552
300    522 หน้า ;^c21 ซม.
504    มีบรรณานุกรมและดัชนี
650  7 การวินิจฉัยโรค
650  7 อายุรศาสตร์
945    ^p320^l0^i028874
945    ^p320^l0^i028724
945    ^p320^l0^i028723
945    ^p320^l0^i026170
945    ^p320^l0^i026169
945    ^p320^l0^i026168
945    ^p320^l0^i026166
945    ^p320^l0^i026164
945    ^p320^l0^i026167
945    ^p320^l0^i026165
995    ทศพร
999 ^a 2552ใช้งานได้ทุกระบบ
รายการนี้ยังไม่มีแท็ก
คุณยังไม่ได้ล็อกอิน คุณสามารถมีกิจกรรมร่วมกับเว็บไซต์ได้ แต่ต้องล็อกอินก่อน ::
  ล็อกอิน

รายการสื่อสารสนเทศ

ลำดับที่ ประเภท เลขเรียก/บาร์โค้ด สถานที่ สถานะ
- ไม่พบข้อมูล -

รายการใกล้เคียง
    ผู้แต่ง [ปราณี ทู้ไพเราะ]

    หัวเรื่อง [การวินิจฉัยโรค]
    หัวเรื่อง [อายุรศาสตร์]

BibComment


ยังไม่เคยถูกคอมเมนท์

คอมเมนท์ทรัพยากรรายการนี้
  คอมเมนท์: คู่มือโรค Handbo..


 Copyright 2026. Bcnsprnw @Library